LEADER 02473nam0-2200397#i-450- 001 990005901550203316 005 20131024132654.0 012 $ai-ra f.o. .bi. &aFu (3) 1562 (R)$2fei$5SA0186 035 $a000590155 035 $aUSA01000590155 035 $a(ALEPH)000590155USA01 035 $a000590155 100 $a20131024-1562----k--y0itay50--####ba 101 0 $aita 140 $aa---a---z--------zzzaa0000-- 141 $a#--z0z#-$5SA0186--------------------------------------------------------------------- 200 1 $a<> deche di T. Liuio padouano delle historie romane, tradotte nella lingua toscana, da M. Iacopo Nardi cittadino fiorentino, nuouamente dal medesimo gia la terza volta riuedute, & emendate con le postille parimente ampliate nelle margini del libro, che dichiarano molti vocaboli delle cose vecchie, ...Et appresso, la valuta delle monete romane, ... Con la tauola de re, consoli, tribuni militari ... Indice copiosissimo .. 210 $aIn Venetia$cnella stamperia de Giunti$d1562 215 $a[4], 38, 485, [1] c.$d2° 300 $aAlla c. 3P5v marca tipografic: In Venetia nella stamperia degli heredi di Luc'Antonio Giunti. Nell'anno del MDLIIII. 306 $aMarca tipografica raffigurante: Il giglio fiorentino con le iniziali L. A.; 8,8 x 6,3 cm 307 $aSegnatura: *4 1-4(6) 5(8) 6(6) A-2O8 2P10 2Q-3G8 3H6 3I-3O8 3P6 310 $aLeg. in pergamena rigida; sul dorso tassello con tit. impresso in oro; tagli spruzzati di colore arancione; 32 x 21,5 cm 317 $aSulla c. di guardia ant. appunti matematici; a c. 3P5v nota ms " Questo libro usato qual'e si è pagato callini 36 ossia £ 15 e centesimi 12" 321 $aSBN 700 1$aLIVIUS,$bTitus$05194 702 1$aNARDI,$bJacopo$f<1476-1563> 801 0$aIT$bsalbc$gISBD 912 $a990005901550203316 951 $aXV.2.D. 54$b1837 F.C.$cXV.2.D. 959 $aA 969 $aCUOMO 979 $aPALERMO$b90$c20131024$lUSA01$h1324 979 $aPALERMO$b90$c20131024$lUSA01$h1326 996 $aDeche di T. Liuio padouano delle historie romane, tradotte nella lingua toscana, da M. Iacopo Nardi cittadino fiorentino, nuouamente dal medesimo gia la terza volta riuedute, & emendate con le postille parimente ampliate nelle margini del libro, che dichiarano molti vocaboli delle cose vecchie, ...Et appresso, la valuta delle monete romane, ... Con la tauola de re, consoli, tribuni militari ... Indice copiosissimo .$91075092 997 $aUNISA LEADER 01133nam a2200265 i 4500 001 991001121469707536 005 20020502183918.0 008 990316s1986 it ||| | ita 035 $ab11466820-39ule_inst 035 $aPRUMB55310$9ExL 040 $aScuola per assistenti sociali$bita 082 0 $a362.18 100 1 $aGuidicini, Paolo$0440398 245 12$aL'equivoca certezza dei legami forti :$bviaggio nel pronto soccorso attraverso il sintomo e la malattia /$cP. Guidicini, G. Mazzoli ; premessa di F. Marsala 260 $aMilano :$bF. Angeli,$c1986 300 $a168 p. ;$c22 cm. 490 0 $aSociologia urbana e rurale. Sez. 1. ;$v11 650 4$aPronto soccorso$xAspetti socio-culturali 700 1 $aMazzoli, Graziella$eauthor$4http://id.loc.gov/vocabulary/relators/aut$052485 907 $a.b11466820$b01-03-17$c01-07-02 912 $a991001121469707536 945 $aLE024 M IG IV 10$g1$i2024000014698$lle021$nex DUSS$o-$pE0.00$q-$rl$s- $t0$u0$v0$w0$x0$y.i11655811$z01-07-02 996 $aEquivoca certezza dei legami forti$91451435 997 $aUNISALENTO 998 $ale021$b01-01-99$cm$da $e-$fita$git $h2$i1